000 00524 a2200169 4500
003 NUST
005 20251022130902.0
040 _cNust
082 _a621.382,RAZ
100 _aRaza, PC Muhammad Tamur Khan (TE-43-B)
_9131452
245 _aSimulation of Advanced Encrypted Tetra Physical Layer /
_cPC Muhammad Azeem Khan Raza , PC Muhammad Tamur Sultan and NC Syed Mesam Ali
260 _aRawalpindi
_bMCS
_cAug,2010
300 _a117p.;
650 _aUG Projects
_998716
651 _aTE-43-B
_9131453
942 _cPR
_2ddc
999 _c188342
_d188342